Language Quiz

Random Language or Puzzle Quiz

Double Letter Crossword Quiz Stats

Quiz Updated Nov 7, 2016

Also try: Sporcle Crossword
Challenge
Share
Tweet
Embed
Score 0/66 Timer 05:00
0 Plays Today
% Correct
████████████████
98.1%
sleeveless garment►
98.1%
round-robin, for one►
98.1%
████████████████
98.1%
Canadian bird►
98.1%
state where UCLA is►
98.1%
verbal outburst►
98.1%
fairy tale starter►
98.1%
████████████████
98.1%
succeed in doing►
98.1%
Descartes or Russo►
98.1%
''no'' from Obama▼
98.1%
area▼ understands►
98.1%
farm measurement▼
98.1%
caviar source▼
98.1%
dash▼ camper's bag►
98.1%
retina part▼ noggin►
98.1%
████████████████
98.1%
Cole et al.▼ sniffer►
98.1%
bro▼ rocker Lewis►
98.1%
rope fiber▼ bucks►
98.1%
must-have►
98.1%
Iditarod's end▼
98.1%
heavy breath▼
98.1%
time limit▼ ft. pt.►
98.1%
already in the mail▼
98.1%
part of a makeup kit▼
98.1%
toolhouse▼
98.1%
[CA]  
83.8%
[ON]  
81.4%
[CE]  
81%
[ED]  
80.2%
[SE]  
79%
% Correct
[NT]  
78.9%
[SH]  
78.9%
[RE]  
77.2%
[AC]  
76%
[HE]  
75.1%
[NE]  
74.4%
[AD]  
73.9%
[VE]  
72.3%
[TO]  
71.7%
[MP]  
71.1%
[NO]  
70.4%
[ST]  
68.5%
[LI]  
65.9%
[CO]  
65.9%
[NE]  
65.4%
[UR]  
64.6%
[RA]  
64.4%
[ME]  
63.7%
[GE]  
62.6%
[ON]  
61.2%
[NA]  
59.2%
[DE]  
58.5%
[ER]  
58.2%
[TS]  
57.9%
[IN]  
56.8%
[TI]  
55.4%
[EY]  
55%
[EL]  
54.9%
[LO]  
54.4%
[DE ] 
53.9%
[HU]  
52.3%
[FF]  
48.9%
[DU]  
48.6%

You're not logged in!

Compare scores with friends on all Sporcle quizzes.
Sign Up with Email
OR
Log In

You Might Also Like...

Show Comments

Extras

Top Quizzes Today


Score Distribution

Your Account Isn't Verified!

In order to create a playlist on Sporcle, you need to verify the email address you used during registration. Go to your Sporcle Settings to finish the process.